| 000 | 01137nam a2200337 a 4500 | ||
|---|---|---|---|
| 003 | AR-BaBNM | ||
| 005 | 20251128205812.0 | ||
| 008 | 082120s2002 ||||||||||||||000 | spa|| | ||
| 040 | _cAR-BaBNM | ||
| 245 | 0 | 0 |
_aMatche tä ohumin n'ochufwenyaj _n2 |
| 260 |
_aBuenos Aires _bMinisterio de Cultura y Educación. Plan Social Educativo _c1998 |
||
| 300 |
_a55 p. _bil., tablas |
||
| 500 | _aEste texto fue elaborado por el C.E.N.M. No 2 de El Potrillo, Formosa como parte de un proyecto de educación biblingüe para la educación de los niños de la comunidad Wichi | ||
| 500 | _aTexto en idioma wichi | ||
| 650 | 4 | _aABORIGENES | |
| 650 | 4 | _aEDUCACION MULTICULTURAL | |
| 650 | 4 | _aPROGRAMAS INTERCULTURALES | |
| 650 | 4 | _aIGUALDAD DE EDUCACION | |
| 650 | 4 | _aPROGRAMAS DE EDUCACION COMPENSATORIA | |
| 650 | 4 | _aMINORIAS CULTURALES | |
| 650 | 4 | _aACTIVIDADES DE APRENDIZAJE | |
| 650 | 4 | _aALFABETIZACION | |
| 650 | 4 | _aBILINGÜISMO | |
| 700 | 1 | _aVega, Laurencia P. | |
| 700 | 1 | _aSánchez, Augusto | |
| 700 | 1 | _aDuarte, Urbano | |
| 700 | 1 | _aSala, David | |
| 700 | 1 | _aBenítez, Lisandro | |
| 942 | _cBK | ||
| 998 | _cRaquel | ||
| 999 |
_c12863 _d12863 |
||